Famous Duos In Rap - Statistics

General Stats
  • This quiz has been taken 53 times
  • The average score is 4 of 11
Answer Stats
Hint Answer % Correct
Eminem and __ ___ Dr. Dre
77%
Jay-Z and _____ ____ Kanye West
71%
Eminem and __ ____ 50 Cent
44%
Andre 3000 and ___ ___ Big Boi
44%
21 Savage and _____ Drake
44%
Kanye West and ___ ____ Kid Cudi
38%
Eric. B and _____ Rakim
33%
Fresh Prince (Will Smith) and __ _____ ____ DJ Jazzy Jeff
29%
Malice and _____ _ Pusha T
25%
Bun B and ____ _ Pimp C
15%
Prodigy and _____ Havoc
13%
No matching quizzes found
Score Distribution
Percent of People with Each Score
Percentile by Number Answered
Your Score History
You have not taken this quiz